| 000 | 00420nam a22001337a 4500 | ||
|---|---|---|---|
| 020 | _a9780140455489 | ||
| 082 | _a895.135 | ||
| 100 | _aJulia, Lovell | ||
| 245 |
_aThe Real Story of Ah-Q and other Tales of China: _bthe complete fiction of Lu Xun / _cLovell Julia |
||
| 260 |
_aLondon : _bPenguin Books, _c2009. |
||
| 300 |
_a416 p. ; _c20cm. |
||
| 942 |
_2ddc _cBK |
||
| 999 |
_c554465 _d554465 |
||